000
00299nam a2200133Ia 4500
008
240624s9999 xx 000 0 und d
041
_a
eng
082
_a
823 COB
100
_a
COBEN HARLAN
245
_a
LONG LOST
260
_c
2009
_a
London
_b
Orion
300
_a
356 , p. , 17 , cm.
365
_c
RS
999
_c
30815
_d
30815